[Event "35th ch-BAN"]
[Site "Dhaka BAN"]
[Date "2009.07.04"]
[Round "6"]
[White "Mohammad,Ali"]
[Black "Chatterjee,D"]
[Result "1-0"]
[WhiteElo "2253"]
[BlackElo "2248"]
[EventDate "2009.06.29"]

1. e4 c5 2. Nf3 d6 3. d4 cxd4 4. Nxd4 Nf6 5. Nc3 a6 6. Bc4 e6 7. Bb3 b5 8.
O-O Be7 9. Qf3 Qc7 10. Qg3 O-O 11. Bh6 Ne8 12. Rfe1 Bd7 13. Rad1 Nc6 14. a3
Nxd4 15. Rxd4 Qc5 16. Rd3 Qh5 17. Bf4 a5 18. e5 b4 19. axb4 axb4 20. Na2 d5
21. Bd2 Nc7 22. Bxb4 Bxb4 23. Nxb4 Rfb8 24. Qf4 Bb5 25. Rc3 Na6 26. Rh3 Qg6
27. Rg3 Qh5 28. Qf6 g6 29. Nxd5 exd5 30. Bxd5 Ra7 31. c4 Be8 32. Ra3 Rxb2
33. g3 Re2 34. Rxe2 Qxe2 35. Qd8 Qxe5 36. Rd3 Qa1+ 37. Kg2 Nc7 38. Bc6 Kg7
39. Bxe8 Ne6 40. Qd5 Rc7 41. Bxf7 Kxf7 42. Qd6 Re7 43. Rf3+ Ke8 44. Qc6+
Kd8 45. Rd3+ Nd4 46. Qb6+ Ke8 47. Qxd4 1-0

[Event "35th ch-BAN"]
[Site "Dhaka BAN"]
[Date "2009.07.04"]
[Round "6"]
[White "Mohammad,J"]
[Black "Islam,AP"]
[Result "1-0"]
[WhiteElo "2207"]
[BlackElo "2145"]
[EventDate "2009.06.29"]

1. e4 e5 2. Nf3 Nc6 3. Bb5 a6 4. Ba4 Nf6 5. O-O Be7 6. Re1 b5 7. Bb3 O-O 8.
d4 d6 9. c3 Bg4 10. d5 Na5 11. Bc2 c5 12. Nbd2 Nd7 13. h3 Bh5 14. Nf1 Nc4
15. g4 Bg6 16. b3 Ncb6 17. Ng3 a5 18. a4 b4 19. c4 Ra7 20. Kg2 Re8 21. h4
Bxh4 22. Nxh4 Qxh4 23. g5 Nf6 24. f3 h6 25. Rh1 hxg5 26. Rxh4 gxh4 27. Ne2
Nh5 28. Qh1 f6 29. Qxh4 Bf7 30. f4 exf4 31. Nxf4 g5 32. Qg4 Ng7 33. Ne6
Nxe6 34. dxe6 Rxe6 35. Bb2 Rae7 36. Rh1 Bg6 37. Rh6 Bxe4+ 38. Bxe4 Rxe4 39.
Rg6+ Kf7 40. Rxf6+ Ke8 41. Qxg5 Kd7 42. Qg3 Re2+ 43. Rf2 R2e3 44. Qg5 Kc7
45. Bf6 R7e6 46. Qg8 Re8 47. Qg7+ Kc6 48. Bg5 Rxb3 49. Rf7 Nxc4 50. Rc7+
Kd5 51. Qf7+ Re6 52. Re7 Rb2+ 53. Kg3 Rbe2 54. Qf5+ R6e5 55. Qd3+ Kc6 56.
Rxe5 Rxe5 57. Bf4 Na3 58. Bxe5 dxe5 59. Qa6+ Kd5 60. Qxa5 Kd4 61. Kf3 Nc4
62. Qd8+ Kc3 63. Ke2 b3 64. a5 b2 65. Qd3+ Kb4 66. a6 Nb6 67. a7 c4 68.
Qd6+ 1-0

[Event "35th ch-BAN"]
[Site "Dhaka BAN"]
[Date "2009.07.04"]
[Round "6"]
[White "Hasan Md,E"]
[Black "Abu Sufian,S"]
[Result "1-0"]
[WhiteElo "2135"]
[BlackElo "2378"]
[EventDate "2009.06.29"]

1. e4 d5 2. Nc3 dxe4 3. Nxe4 Bf5 4. Ng3 Bg6 5. h4 h6 6. h5 Bh7 7. d4 e6 8.
Bd3 Bxd3 9. Qxd3 c6 10. Bd2 Nf6 11. Nf3 Nbd7 12. O-O-O Qc7 13. Ne4 O-O-O
14. Kb1 c5 15. c3 Kb8 16. Be3 c4 17. Qc2 Nxe4 18. Qxe4 Nf6 19. Qe5 Bd6 20.
Qb5 Nd5 21. Nd2 Rc8 22. Ne4 f5 23. Nc5 Bxc5 24. dxc5 Nxe3 25. Rd7 a6 26.
Qa4 Qxc5 27. fxe3 Rc7 28. Rhd1 Qb5 29. Qxb5 axb5 30. Rd8+ Rxd8 31. Rxd8+
Rc8 32. Rd7 Rc7 33. Rd8+ Ka7 34. Re8 Rc6 35. Re7 Rd6 36. Rxg7 Rd3 37. Rg6
Rxe3 38. Rxh6 Re1+ 39. Kc2 Re2+ 40. Kc1 Kb6 41. Rg6 Kc5 42. h6 Kd5 43. Rg3
f4 44. Rh3 f3 45. gxf3 1-0

[Event "35th ch-BAN"]
[Site "Dhaka BAN"]
[Date "2009.07.04"]
[Round "6"]
[White "Ahmed,Mah"]
[Black "Rahman,Zia"]
[Result "0-1"]
[WhiteElo "2220"]
[BlackElo "2523"]
[EventDate "2009.06.29"]

1. e4 g6 2. d4 Bg7 3. Nc3 c6 4. Nf3 d6 5. Be3 Nf6 6. Qd2 Qa5 7. Be2 Nbd7 8.
O-O O-O 9. Nd5 Qd8 10. Nxf6+ Nxf6 11. Bd3 Bg4 12. Qe2 Nd7 13. c3 e5 14. h3
Bxf3 15. Qxf3 exd4 16. Bxd4 Bxd4 17. cxd4 Qb6 18. Qe3 Rae8 19. b3 d5 20. f3
dxe4 21. fxe4 c5 22. dxc5 Qxc5 23. Rae1 Qxe3+ 24. Rxe3 Ne5 25. Rd1 Rc8 26.
Re2 Kg7 27. Kf2 Rc3 28. Red2 h5 29. Be2 Re8 30. Rd5 Re6 31. Bf3 h4 32. R1d2
b6 33. Be2 Kh6 34. Rd8 Kg5 35. Ra8 a5 36. Rh8 Rf6+ 37. Kg1 Kf4 38. Rxh4+
Kg3 39. Rg4+ Nxg4 40. Bxg4 Rf4 41. Bf3 Rfxf3 42. gxf3 Rc1+ 0-1

[Event "35th ch-BAN"]
[Site "Dhaka BAN"]
[Date "2009.07.06"]
[Round "7"]
[White "Reefat,S"]
[Black "Ahmed,J BAN"]
[Result "1-0"]
[WhiteElo "2486"]
[BlackElo "2088"]
[EventDate "2009.06.29"]

1. e4 c5 2. Nf3 d6 3. d4 cxd4 4. Nxd4 Nf6 5. Nc3 a6 6. Bc4 e6 7. Bb3 Nc6 8.
Be3 Qc7 9. Qe2 Be7 10. O-O-O O-O 11. Rhg1 b5 12. g4 b4 13. Nd5 exd5 14.
Nxc6 dxe4 15. g5 Qxc6 16. gxf6 Bxf6 17. Bd5 Qa4 18. Qh5 Be6 19. Rxg7+ Bxg7
20. Rg1 Rfc8 21. Bxe4 f5 22. Qh6 Rc7 23. Bd4 Raa7 24. Qxe6+ Kf8 25. Bxg7+
Rxg7 26. Qxd6+ Rge7 27. Bd5 1-0

[Event "35th ch-BAN"]
[Site "Dhaka BAN"]
[Date "2009.07.06"]
[Round "7"]
[White "Abu Sufian,S"]
[Black "Ahmed,Mah"]
[Result "1-0"]
[WhiteElo "2378"]
[BlackElo "2220"]
[EventDate "2009.06.29"]

1. e4 e5 2. Nf3 d6 3. d4 Nd7 4. Bc4 Be7 5. dxe5 Nxe5 6. Nxe5 dxe5 7. Qh5 g6
8. Qxe5 f6 9. Qc3 Qd6 10. Qb3 Qb4+ 11. Nc3 Qxb3 12. Bxb3 Bd7 13. Nd5 Bd6
14. Bf4 Bxf4 15. Nxf4 Ne7 16. O-O-O O-O-O 17. Nd5 Nxd5 18. Bxd5 Rhe8 19. f3
Re7 20. Rd2 Rde8 21. b4 f5 22. exf5 Bxf5 23. Rhd1 h5 24. h4 Re3 25. Rd4 Rc3
26. R1d2 c5 27. bxc5 Rxc5 28. Kb2 Re1 29. Bb3 Kc7 30. Rf4 Rf1 31. Re2 b5
32. a4 bxa4 33. Rxa4 a5 34. Rd4 Rc6 35. Rd5 Kb6 36. Rd8 Rh1 37. Rd4 Rg1 38.
Ba4 Rc5 39. Be8 Kc7 40. Red2 Re1 41. Bd7 Bxd7 42. Rxd7+ Kb6 43. R7d6+ Rc6
44. R2d5 Re6 45. Rxc6+ Rxc6 46. Rg5 Rf6 47. Kb3 Rc6 48. c4 Ka6 49. Rb5 Rc7
50. f4 Rf7 51. Rg5 Rb7+ 52. Ka3 Rb6 53. g3 Rc6 54. Kb3 Rb6+ 55. Kc3 a4 56.
c5 Rb3+ 57. Kc4 Rb2 58. Rxg6+ Ka7 59. Rg7+ Ka6 60. Rg8 Ka7 61. Rg7+ Ka6 62.
Rg6+ Ka7 63. Rb6 a3 64. Rb3 a2 65. Ra3+ Kb7 66. Kd5 Rd2+ 67. Ke6 Kc6 68.
Ra5 Rg2 69. f5 Rxg3 70. Rxa2 Rg5 71. f6 1-0

[Event "35th ch-BAN"]
[Site "Dhaka BAN"]
[Date "2009.07.06"]
[Round "7"]
[White "Hossain,Enam"]
[Black "Hasan Md,E"]
[Result "1/2-1/2"]
[WhiteElo "2531"]
[BlackElo "2135"]
[EventDate "2009.06.29"]

1. e4 Nf6 2. Nc3 d5 3. e5 d4 4. exf6 dxc3 5. fxg7 cxd2+ 6. Bxd2 Bxg7 7. Bd3
Qd5 8. Ne2 Bf5 9. Bxf5 Qxf5 10. O-O Nc6 11. Be3 Be5 12. Ng3 Qe6 13. Re1 Qf6
14. c3 h5 15. Qd3 h4 16. Ne4 Qg6 17. f4 Rg8 18. Re2 Rd8 19. Qc4 b5 20. Qxb5
1/2-1/2

[Event "35th ch-BAN"]
[Site "Dhaka BAN"]
[Date "2009.07.06"]
[Round "7"]
[White "Islam,AP"]
[Black "Rahman,Tai"]
[Result "1-0"]
[WhiteElo "2145"]
[BlackElo "2325"]
[EventDate "2009.06.29"]

1. c4 Nf6 2. g3 c6 3. Bg2 d5 4. Qc2 g6 5. b3 Bg7 6. Bb2 O-O 7. Nf3 Na6 8.
a3 dxc4 9. bxc4 Nc5 10. O-O Bg4 11. h3 Bf5 12. d3 Qc8 13. Kh2 Rd8 14. Nbd2
Qc7 15. e4 Nxd3 16. Bxf6 Bxf6 17. exf5 Bxa1 18. Rxa1 Nxf2 19. Rf1 Nd3 20.
fxg6 fxg6 21. Ng5 Qd7 22. Nde4 Ne5 23. Qc3 Qd4 24. Qb4 Rd7 25. Qb1 Qd3 26.
Qa1 Qd4 27. Qb1 Nxc4 28. Ne6 Qb2 29. Qxb2 Nxb2 30. N4g5 Rd6 31. Nc5 b6 32.
Nce4 Rd1 33. Rf3 Rd3 34. Rf2 Nc4 35. Ne6 Nd6 36. g4 Rc8 37. N4g5 h6 38. Nf3
Re3 39. Nf4 Kh7 40. Nd4 c5 41. Nc2 Re5 42. Nd3 Re6 43. h4 Kg7 44. Bd5 Rf6
45. Re2 Rc7 46. Kg3 h5 47. Nf4 Kh8 48. g5 Nf5+ 49. Kh3 Rd6 50. Re5 Nd4 51.
Ne3 Kg7 52. Nc4 b5 53. Nxd6 exd6 54. Re8 c4 55. Rg8+ Kh7 56. Nxg6 Rc8 57.
Rxc8 Kxg6 58. Be4+ Kf7 59. g6+ Kf6 60. Rf8+ Kg7 61. Rf7+ Kg8 62. Bd5 1-0

[Event "35th ch-BAN"]
[Site "Dhaka BAN"]
[Date "2009.07.06"]
[Round "7"]
[White "Chatterjee,D"]
[Black "Mohammad,J"]
[Result "1/2-1/2"]
[WhiteElo "2248"]
[BlackElo "2207"]
[EventDate "2009.06.29"]

1. d4 d5 2. e3 Nf6 3. Bd3 c5 4. c3 e6 5. f4 Bd6 6. Nf3 O-O 7. O-O b6 8. Qe2
Bb7 9. Nbd2 Qc8 10. Ne5 Ba6 11. Ndf3 Bxd3 12. Nxd3 Nbd7 13. Bd2 Ne4 14. Be1
Qc7 15. Kh1 cxd4 16. exd4 Rac8 17. Ng5 Ndf6 18. Ne5 h6 19. Ngf3 Nd7 20. g4
Nxe5 21. dxe5 Be7 22. f5 f6 23. exf6 Bxf6 24. fxe6 Qd6 25. Rd1 Qxe6 26. Qg2
Rc4 27. h3 Rd8 28. Nd2 Nxd2 29. Rxd2 d4 30. Re2 Qc6 31. cxd4 Rdxd4 32. Qxc6
Rxc6 33. Bc3 Rd3 34. Bxf6 gxf6 35. Kg2 Kf7 36. Rf3 Rcd6 37. Ref2 Rxf3 38.
Rxf3 Kg6 39. Kg3 Rd2 40. Rb3 h5 41. Kh4 hxg4 42. hxg4 f5 1/2-1/2

[Event "35th ch-BAN"]
[Site "Dhaka BAN"]
[Date "2009.07.07"]
[Round "8"]
[White "Mohammad,Ali"]
[Black "Mohammad,J"]
[Result "1-0"]
[WhiteElo "2253"]
[BlackElo "2207"]
[EventDate "2009.06.29"]

1. e4 e5 2. Nf3 Nc6 3. Bb5 a6 4. Ba4 Nf6 5. O-O Bc5 6. Nxe5 Nxe5 7. d4 Nxe4
8. Re1 Be7 9. Rxe4 Ng6 10. Nc3 b5 11. Bb3 Bb7 12. Re1 O-O 13. Nd5 Bxd5 14.
Bxd5 c6 15. Be4 d5 16. Bd3 Bd6 17. Qh5 Qc7 18. g3 Rfe8 19. Bd2 Nf8 20. Qg4
g6 21. h4 Qd7 22. Qxd7 Nxd7 23. a4 Rxe1+ 24. Bxe1 Nb6 25. b3 Be7 26. Ba5
Nd7 27. Bc7 Rc8 28. Bf4 Bf6 29. axb5 axb5 30. Ra7 Nf8 31. Be5 Bxe5 32. dxe5
Ne6 33. f4 Nd4 34. Kf2 c5 35. Rd7 c4 36. bxc4 bxc4 37. Be4 dxe4 38. Rxd4 f5
39. exf6 Kf7 40. c3 Kxf6 41. Rxe4 h5 42. Kf3 Kf5 43. Re5+ Kf6 44. Ke4 Rd8
45. Rd5 Rc8 46. Kd4 Re8 47. Kxc4 Re3 48. Rg5 Re8 49. Kb4 Rb8+ 50. Rb5 1-0

[Event "35th ch-BAN"]
[Site "Dhaka BAN"]
[Date "2009.07.07"]
[Round "8"]
[White "Rahman,Tai"]
[Black "Chatterjee,D"]
[Result "0-1"]
[WhiteElo "2325"]
[BlackElo "2248"]
[EventDate "2009.06.29"]

1. d4 Nf6 2. c4 c5 3. d5 e6 4. Nc3 exd5 5. cxd5 d6 6. Nf3 g6 7. h3 Bg7 8.
e4 O-O 9. Bg5 Re8 10. Bd3 c4 11. Bc2 b5 12. a3 Bd7 13. O-O Qb6 14. Re1 Na6
15. Be3 Nc5 16. Bd4 Rac8 17. Rc1 Qb7 18. Qd2 a5 19. Qf4 Nh5 20. Qxd6 Bf8
21. Qh2 b4 22. axb4 axb4 23. Nd1 Bh6 24. Ra1 Bf4 25. g3 Bb8 26. Qg2 Nd3 27.
Bxd3 cxd3 28. Nd2 Rc2 29. Nb3 Nxg3 30. Re3 Ne2+ 31. Kh1 Nxd4 32. Nxd4 Bb5
33. Qf3 Qc7 34. Qg2 Bc4 35. b3 Qe5 36. bxc4 Qxd4 37. Ra4 d2 38. Qf3 Rc1 39.
Kg2 Qxc4 40. Rb3 Bd6 41. Ra2 Rxd1 42. Qxd1 Qxe4+ 43. Rf3 Qd4 44. Re3 Qxd5+
45. Kf1 Rxe3 0-1

[Event "35th ch-BAN"]
[Site "Dhaka BAN"]
[Date "2009.07.07"]
[Round "8"]
[White "Hasan Md,E"]
[Black "Islam,AP"]
[Result "0-1"]
[WhiteElo "2135"]
[BlackElo "2145"]
[EventDate "2009.06.29"]

1. e4 e5 2. Nf3 Nc6 3. Bb5 Nf6 4. O-O Nxe4 5. Re1 Nd6 6. Nxe5 Be7 7. Bf1
O-O 8. d4 Nf5 9. d5 Nxe5 10. Rxe5 d6 11. Re1 Bf6 12. Nc3 Bd7 13. Ne4 Be5
14. Bg5 f6 15. Bc1 Bd4 16. Ng3 Bb6 17. Bd3 Nxg3 18. hxg3 Re8 19. Rf1 f5 20.
Bd2 Qf6 21. Bc3 Qg5 22. Qf3 Re7 23. a4 a6 24. a5 Ba7 25. Qf4 Qxf4 26. gxf4
Rae8 27. Ra3 Bc5 28. Raa1 Kf7 29. b4 Ba7 30. Bb2 g6 31. Bc3 Bb5 32. Rfe1
Bxd3 33. cxd3 Rxe1+ 34. Rxe1 Bd4 35. Rc1 c5 36. dxc6 bxc6 37. Kf1 Rc8 38.
Bd2 Ke6 39. Re1+ Kd7 40. Rb1 Rb8 41. Ke2 c5 42. f3 cxb4 43. Rxb4 Rxb4 44.
Bxb4 Kc6 45. Kd2 d5 46. Be7 Kb5 47. Bd8 Kb4 48. Kc2 Be3 49. Bc7 h6 50. Kb2
Bd4+ 51. Kc2 Bf2 52. Kd2 Kb3 53. Bb6 Bh4 54. Ke3 Bf6 55. Bd4 Be7 56. Bb6
Kc3 57. Bd4+ Kb4 58. Bb6 Bc5+ 59. d4 Bd6 60. g3 Kb5 61. g4 Bb4 62. gxf5
gxf5 63. Kf2 Bxa5 64. Bc5 Bb4 0-1

[Event "35th ch-BAN"]
[Site "Dhaka BAN"]
[Date "2009.07.07"]
[Round "8"]
[White "Ahmed,Mah"]
[Black "Hossain,Enam"]
[Result "0-1"]
[WhiteElo "2220"]
[BlackElo "2531"]
[EventDate "2009.06.29"]

1. d4 Nf6 2. c4 c5 3. d5 e6 4. Nc3 exd5 5. Nxd5 Nxd5 6. Qxd5 Be7 7. Bd2 Nc6
8. Bc3 O-O 9. e3 d6 10. Nf3 Be6 11. Qd2 d5 12. cxd5 Bxd5 13. Be2 Qd6 14. a3
Rfd8 15. Qc2 Qe6 16. Rd1 Rab8 17. O-O a5 18. Nd2 b5 19. e4 Qg6 20. Bxb5 Be6
21. Be2 Nd4 22. Bxd4 Rxd4 23. Rfe1 h5 24. Bc4 h4 25. Bxe6 Qxe6 26. h3 a4
27. Nf3 Rxd1 28. Rxd1 Qa2 29. Rd2 c4 30. Qxa4 Bf6 31. Rc2 c3 32. Rxc3 Qa1+
33. Kh2 Qxb2 34. Rc2 Qa1 35. Qd7 Rb1 36. Rc8+ Kh7 37. Nxh4 Qe5+ 38. g3 Bxh4
39. Qxf7 Bxg3+ 40. Kg2 Qxe4+ 41. f3 Rg1+ 0-1

[Event "35th ch-BAN"]
[Site "Dhaka BAN"]
[Date "2009.07.07"]
[Round "8"]
[White "Bhuiyan,G"]
[Black "Abu Sufian,S"]
[Result "1-0"]
[WhiteElo "2135"]
[BlackElo "2378"]
[EventDate "2009.06.29"]

1. d4 d5 2. c4 dxc4 3. Nc3 a6 4. a4 Nc6 5. d5 Na5 6. Bf4 Nf6 7. e4 e6 8.
dxe6 Bxe6 9. Qxd8+ Kxd8 10. Nf3 Bb4 11. Ng5 Re8 12. Be2 h6 13. Nxe6+ Rxe6
14. Rd1+ Ke8 15. f3 c6 16. O-O b5 17. g4 Nb3 18. h4 Bc5+ 19. Kg2 Nd4 20.
Rd2 Nxe2 21. Rxe2 b4 22. Nd1 Nd5 23. Bc1 a5 24. Rc2 Nb6 25. Ne3 b3 26. Re2
Rb8 27. Nf5 Kf8 28. Bf4 Rc8 29. Rc1 Nxa4 30. Rxc4 Bb4 31. Nd4 Ree8 32. Nxb3
Nb6 33. Rcc2 Red8 34. Nc5 Rd1 35. g5 hxg5 36. hxg5 Ke7 37. Be5 f6 38. Bf4
Nd7 39. Nxd7 Kxd7 40. e5 fxe5 41. Bxe5 g6 42. f4 Re8 43. Kf3 c5 44. Rh2 Ke6
45. Rh7 Rf1+ 46. Ke2 Re1+ 47. Kf3 Rf1+ 48. Ke4 Re1+ 49. Kd3 Rd8+ 50. Kc4
Re4+ 51. Kb5 Rd7 52. Rh6 Kf5 53. Rh8 Rf7 54. Rd8 Re1 55. Rd6 Re4 56. Rh2 c4
57. Rc6 Rb7+ 58. Ka6 Rf7 59. Rc2 Be7 60. R2xc4 Rxc4 61. Rxc4 Bxg5 62. fxg5
Kxe5 63. Rc5+ Kd6 64. Rxa5 Kc7 65. Rc5+ Kb8 66. b4 Ra7+ 67. Kb5 Rf7 68. Re5
Kb7 69. Kc5 Rc7+ 70. Kd6 Rc4 71. b5 Rf4 72. Re6 Rf5 73. Rxg6 Rxb5 74. Rg7+
Kc8 75. g6 Rb6+ 76. Ke7 Rb7+ 77. Kf6 Rb6+ 78. Kg5 Kd8 79. Ra7 Rb1 80. g7
Rg1+ 81. Kf6 Rf1+ 82. Ke6 Re1+ 83. Kd5 1-0

[Event "35th ch-BAN"]
[Site "Dhaka BAN"]
[Date "2009.07.07"]
[Round "8"]
[White "Ahmed,J BAN"]
[Black "Rahman,Zia"]
[Result "0-1"]
[WhiteElo "2088"]
[BlackElo "2523"]
[EventDate "2009.06.29"]

1. d4 d6 2. c4 e5 3. e3 Nd7 4. Nc3 g6 5. g3 Bg7 6. Bg2 Ne7 7. Nge2 O-O 8.
O-O c6 9. b3 exd4 10. exd4 Nf6 11. Ba3 Re8 12. Rc1 h5 13. h3 Bf5 14. Kh2 a6
15. c5 dxc5 16. dxc5 Qa5 17. Bb2 Rad8 18. Qe1 Bd3 19. Nd5 Qxe1 20. Nxe7+
Rxe7 21. Rfxe1 Rxe2 22. Rxe2 Bxe2 23. Rc2 Bd1 24. Rc4 Rd2 25. Bc1 Rxf2 26.
Kg1 Rxa2 27. Rb4 Ra1 28. Bb2 Rb1 29. Be5 Nd5 30. Be4 Rxb3 0-1

[Event "35th ch-BAN"]
[Site "Dhaka BAN"]
[Date "2009.07.08"]
[Round "9"]
[White "Reefat,S"]
[Black "Mohammad,Ali"]
[Result "1/2-1/2"]
[WhiteElo "2486"]
[BlackElo "2253"]
[EventDate "2009.06.29"]

1. e4 c5 2. Nc3 d6 3. Nf3 a6 4. d4 cxd4 5. Nxd4 Nf6 6. g3 Bg4 7. Qd3 Nbd7
8. h3 Ne5 9. Qe3 Qb6 10. hxg4 Qxd4 11. Qxd4 Nf3+ 12. Kd1 Nxd4 13. Be3 Nc6
14. g5 Ng4 15. Bb6 Nge5 16. Nd5 Rc8 17. Nc7+ Kd7 18. f4 Rxc7 19. Bxc7 Kxc7
20. c3 e6 21. Be2 Be7 22. Kc2 Ng6 23. Rh3 Nf8 24. Rah1 g6 25. a4 f6 26.
gxf6 Bxf6 27. Bc4 Rg8 28. b4 Rg7 29. Rf1 Re7 30. g4 Bg7 31. Rff3 Nd7 32. g5
Nde5 33. fxe5 Nxe5 34. Be2 Nxf3 35. Rxf3 Be5 36. Rf8 Bg3 37. Kb3 Bh4 38. a5
Bxg5 39. c4 Bd2 40. Bd3 h5 41. Ka4 g5 42. b5 axb5+ 43. cxb5 Bf4 44. b6+ Kc6
45. Rc8+ Kd7 46. a6 bxa6 47. b7 d5 48. exd5 Re8 49. dxe6+ Ke7 50. Bxa6 h4
51. Bf1 Rd8 1/2-1/2

[Event "35th ch-BAN"]
[Site "Dhaka BAN"]
[Date "2009.07.08"]
[Round "9"]
[White "Abu Sufian,S"]
[Black "Ahmed,J BAN"]
[Result "1-0"]
[WhiteElo "2378"]
[BlackElo "2088"]
[EventDate "2009.06.29"]

1. e4 c5 2. Nf3 a6 3. c3 e6 4. d4 d5 5. e5 Nc6 6. a3 c4 7. Bf4 Bd7 8. Be2
Nge7 9. O-O Ng6 10. Bg3 Be7 11. Nbd2 O-O 12. Ne1 f6 13. exf6 Bxf6 14. Bh5
Bh4 15. Bxg6 hxg6 16. Qg4 Bxg3 17. Qxg3 Rf6 18. Nef3 Qb6 19. Rab1 Ne7 20.
Ne5 Ba4 21. Ndf3 Rd8 22. Ng5 Nf5 23. Qh3 Nh6 24. Ng4 Nxg4 25. Qxg4 Qd6 26.
Qh4 Qf4 27. Qxf4 Rxf4 28. Nxe6 Rff8 29. Nxd8 Rxd8 30. Rfe1 Kf7 31. Re2 Rd6
32. Rbe1 Rb6 33. h4 Kf8 34. Kh2 Bd7 35. Kg3 Rf6 36. Re5 Bc6 37. Re6 Kf7 38.
Rxf6+ gxf6 39. Kf4 Ba4 40. g4 Bd7 41. g5 b5 42. gxf6 Kxf6 43. Re5 Be6 44.
Rxe6+ 1-0

[Event "35th ch-BAN"]
[Site "Dhaka BAN"]
[Date "2009.07.08"]
[Round "9"]
[White "Hossain,Enam"]
[Black "Bhuiyan,G"]
[Result "1-0"]
[WhiteElo "2531"]
[BlackElo "2135"]
[EventDate "2009.06.29"]

1. e4 c6 2. d4 d6 3. Nc3 b5 4. Bd3 a5 5. a3 Bb7 6. Nf3 Nd7 7. Bf4 b4 8. Ne2
e6 9. O-O d5 10. Ng3 Nb6 11. Qe2 Nf6 12. exd5 cxd5 13. Nf5 Ne4 14. Bb5+ Nd7
15. Ne5 Bc8 16. f3 exf5 17. fxe4 dxe4 18. Qc4 Qe7 19. axb4 Qe6 20. bxa5
Qxc4 21. Nxc4 Kd8 22. a6 f6 23. Bxd7 Bxd7 24. Nb6 Bc6 25. Nxa8 Bxa8 26. b4
g5 27. Bd2 f4 28. b5 e3 29. Ba5+ Kc8 30. b6 Bd6 31. Rfb1 g4 32. b7+ Kd7 33.
Rb3 Rb8 34. c4 Bxb7 35. axb7 Re8 36. Re1 h5 37. c5 Bb8 38. d5 h4 39. c6+
Kd6 40. c7 Bxc7 41. Bxc7+ Kxc7 42. d6+ Kb8 43. Ra1 1-0

[Event "35th ch-BAN"]
[Site "Dhaka BAN"]
[Date "2009.07.08"]
[Round "9"]
[White "Islam,AP"]
[Black "Ahmed,Mah"]
[Result "0-1"]
[WhiteElo "2145"]
[BlackElo "2220"]
[EventDate "2009.06.29"]

1. c4 d5 2. cxd5 Qxd5 3. Nc3 Qa5 4. g3 e5 5. Bg2 c6 6. Nf3 Be7 7. O-O Nf6
8. d4 exd4 9. Nxd4 O-O 10. Qc2 Qh5 11. Ne4 Nxe4 12. Qxe4 Bf6 13. Rd1 Na6
14. Qc2 Bg4 15. f3 Bd7 16. e4 Qc5 17. Qxc5 Nxc5 18. Be3 Na4 19. Rd2 c5 20.
Nc2 Be6 21. b3 Bxa1 22. Nxa1 Nb6 23. Bxc5 Rfd8 24. Bd4 Rac8 25. Kf2 Rc1 26.
Ke2 f6 27. Nc2 Rxc2 28. Rxc2 Rxd4 29. Bf1 Kf7 30. Ke3 Rd8 31. f4 Rc8 32.
Rd2 Ke7 33. Bg2 Rc3+ 34. Kd4 Rc7 35. Ke3 Nd7 36. Bf1 Rc1 37. Be2 Nc5 38.
Bf3 Rc3+ 39. Ke2 Bd7 40. e5 fxe5 41. fxe5 Bb5+ 42. Kf2 Nd3+ 43. Kg1 Rc1+
44. Kg2 Nxe5 45. Bxb7 Bd3 46. h3 Kd6 47. Be4 Rc2 0-1

[Event "35th ch-BAN"]
[Site "Dhaka BAN"]
[Date "2009.07.08"]
[Round "9"]
[White "Chatterjee,D"]
[Black "Hasan Md,E"]
[Result "1-0"]
[WhiteElo "2248"]
[BlackElo "2135"]
[EventDate "2009.06.29"]

1. d4 Nf6 2. c4 g6 3. Nc3 Bg7 4. e4 O-O 5. Nf3 d6 6. Be2 e5 7. O-O Nc6 8.
d5 Ne7 9. b4 Nd7 10. c5 dxc5 11. bxc5 Nxc5 12. Ba3 b6 13. Rc1 Bd7 14. Bxc5
bxc5 15. Na4 Bxa4 16. Qxa4 Qd6 17. Qa5 c6 18. Qxc5 Qxc5 19. Rxc5 cxd5 20.
exd5 Nf5 21. Ba6 e4 22. g4 Nd6 23. Nd2 Bd4 24. Rc6 Rad8 25. Rd1 e3 26. fxe3
Bxe3+ 27. Kg2 f5 28. gxf5 Nxf5 29. Nc4 Nh4+ 30. Kh1 Bg5 31. d6 Rf2 32. Ne5
Bf4 33. Bc4+ Kf8 34. Ng4 Rg2 35. Rc7 Rxd6 36. Rxd6 Rxg4 37. Rd8+ 1-0

[Event "35th ch-BAN"]
[Site "Dhaka BAN"]
[Date "2009.07.08"]
[Round "9"]
[White "Mohammad,J"]
[Black "Rahman,Tai"]
[Result "1/2-1/2"]
[WhiteElo "2207"]
[BlackElo "2325"]
[EventDate "2009.06.29"]

1. e4 c5 2. Nf3 Nc6 3. Bb5 g6 4. O-O Bg7 5. Re1 Nf6 6. e5 Nd5 7. Nc3 Nc7 8.
Bxc6 dxc6 9. Ne4 Ne6 10. d3 O-O 11. Be3 b6 12. Qd2 Re8 13. a4 Qc7 14. a5
Bb7 15. Neg5 Nxg5 16. Bxg5 Rad8 17. Bh6 c4 18. Bxg7 Kxg7 19. Re4 cxd3 20.
Rh4 Rh8 21. Qh6+ Kg8 22. cxd3 c5 23. e6 fxe6 24. axb6 axb6 25. Rf4 e5 26.
Ng5 exf4 27. Ne6 Qe5 28. Nxd8 Bd5 29. Qh3 Kg7 30. Qd7 Qd6 31. Qxd6 exd6 32.
Ra7+ Kf6 33. Rd7 Ke5 34. f3 Re8 35. Kf2 h5 36. h4 b5 37. Nf7+ Bxf7 38. Rxf7
Ra8 39. d4+ Kxd4 40. Rxf4+ Kd3 41. Rf6 d5 42. Rxg6 d4 43. Rg5 c4 44. Rxb5
c3 45. bxc3 dxc3 46. Rxh5 c2 47. Rc5 Ra4 48. Rxc2 Kxc2 49. Ke3 Rxh4 50. g4
Kc3 51. Ke4 Kd2 52. Ke5 Ke3 53. g5 Rh5 54. Kf6 Kf4 55. g6 Rf5+ 56. Ke7 Re5+
57. Kf7 Rf5+ 58. Ke7 Rg5 59. Kf7 1/2-1/2

[Event "35th ch-BAN"]
[Site "Dhaka BAN"]
[Date "2009.07.09"]
[Round "10"]
[White "Mohammad,Ali"]
[Black "Rahman,Tai"]
[Result "1-0"]
[WhiteElo "2253"]
[BlackElo "2325"]
[EventDate "2009.06.29"]

1. e4 c5 2. Nf3 Nc6 3. Bb5 g6 4. Bxc6 dxc6 5. d3 Bg7 6. h3 Nf6 7. e5 Nd5 8.
O-O O-O 9. Re1 Be6 10. Nbd2 h6 11. Ne4 b6 12. a4 a5 13. d4 cxd4 14. Nxd4
Qc8 15. f4 Rd8 16. c3 c5 17. Nxe6 Qxe6 18. Qf3 Ra7 19. Rd1 Rad7 20. Rb1 f6
21. exf6 exf6 22. f5 gxf5 23. Ng3 Ne7 24. Rf1 Qa2 25. Bf4 Qxa4 26. Qh5 Rd5
27. Rbe1 Qd7 28. Re3 Kh7 29. c4 Rd1 30. Bxh6 Rxf1+ 31. Nxf1 Qe8 32. Qe2 Rd7
33. Bxg7 Kxg7 34. Ng3 Qd8 35. Rxe7+ Rxe7 36. Nxf5+ Kf8 37. Qxe7+ Qxe7 38.
Nxe7 Kxe7 39. Kf2 a4 40. Ke3 Ke6 41. h4 Ke5 42. h5 Ke6 43. Ke4 Kf7 44. Kd5
1-0

[Event "35th ch-BAN"]
[Site "Dhaka BAN"]
[Date "2009.07.09"]
[Round "10"]
[White "Hasan Md,E"]
[Black "Mohammad,J"]
[Result "0-1"]
[WhiteElo "2135"]
[BlackElo "2207"]
[EventDate "2009.06.29"]

1. e4 e5 2. d3 Nf6 3. g3 d5 4. Nd2 Bc5 5. c3 O-O 6. Qe2 Nc6 7. Bg2 Bg4 8.
Ngf3 dxe4 9. dxe4 Qd7 10. b4 Bd6 11. h3 Be6 12. Ng5 a5 13. b5 Nd8 14. a4 h6
15. Ngf3 b6 16. Nc4 Bxc4 17. Qxc4 Qe6 18. Qd3 Nb7 19. Nh4 Nc5 20. Qe2 Qb3
21. Ra3 Nd3+ 22. Qxd3 Bxa3 23. Bxa3 Rfd8 24. Qf3 Qb1+ 25. Ke2 Qc2+ 26. Ke1
Rd3 0-1

[Event "35th ch-BAN"]
[Site "Dhaka BAN"]
[Date "2009.07.09"]
[Round "10"]
[White "Ahmed,Mah"]
[Black "Chatterjee,D"]
[Result "1-0"]
[WhiteElo "2220"]
[BlackElo "2248"]
[EventDate "2009.06.29"]

1. Nf3 Nf6 2. g3 g6 3. Bg2 Bg7 4. c4 O-O 5. O-O d6 6. d4 Nc6 7. Nc3 a6 8.
b3 Rb8 9. e3 b5 10. Nd2 Bd7 11. Bb2 e5 12. dxe5 Nxe5 13. Qe2 Re8 14. Rfc1
b4 15. Nd1 Bf5 16. e4 Ned7 17. f3 Nc5 18. Nf2 Nfd7 19. Bxg7 Kxg7 20. Nf1
Be6 21. Ne3 f6 22. Nc2 Bf7 23. Qd2 a5 24. Nd4 Rb6 25. f4 Ne6 26. Nb5 Ndc5
27. Re1 Qb8 28. Rad1 Rf8 29. f5 Nd8 30. Ng4 g5 31. Nxf6 Kxf6 32. Qd4+ Ke7
33. e5 Nce6 34. exd6+ cxd6 35. fxe6 Nxe6 36. Bh3 h6 37. Bxe6 Bxe6 38. Qg7+
Rf7 39. Rxe6+ 1-0

[Event "35th ch-BAN"]
[Site "Dhaka BAN"]
[Date "2009.07.09"]
[Round "10"]
[White "Bhuiyan,G"]
[Black "Islam,AP"]
[Result "1-0"]
[WhiteElo "2135"]
[BlackElo "2145"]
[EventDate "2009.06.29"]

1. d4 Nf6 2. c4 e5 3. dxe5 Ng4 4. Nf3 Bc5 5. e3 Nc6 6. a3 a5 7. b3 Ngxe5 8.
Nxe5 Nxe5 9. Bb2 Qe7 10. Nc3 c6 11. Ne4 O-O 12. Nxc5 Qxc5 13. Bd4 Qe7 14.
Be2 d5 15. cxd5 cxd5 16. Rc1 Re8 17. O-O Nc6 18. Bc5 Qe5 19. Bf3 Be6 20.
Qd2 Red8 21. Rfd1 Rd7 22. Be2 f6 23. Bb5 Kf7 24. a4 Qc7 25. Rc3 Rc8 26. Qc2
Rdd8 27. Rc1 Bd7 28. h3 g6 29. Ba3 Qb6 30. Bc5 Qc7 31. Qd1 Be8 32. Bd4 Bd7
33. Rd3 Bf5 34. Rd2 h5 35. Qf3 Qd6 36. Bb2 Nb4 37. Rcd1 Qe7 38. Qf4 Bc2 39.
Rc1 Bxb3 40. Rxc8 Rxc8 41. e4 Rc2 42. Rxc2 Nxc2 43. exd5 Bxd5 44. Qh6 Qe1+
45. Bf1 Qe4 46. Qh7+ Ke6 47. Qg8+ Kd6 48. Qd8+ Ke6 49. Bxf6 1-0

[Event "35th ch-BAN"]
[Site "Dhaka BAN"]
[Date "2009.07.09"]
[Round "10"]
[White "Ahmed,J BAN"]
[Black "Hossain,Enam"]
[Result "0-1"]
[WhiteElo "2088"]
[BlackElo "2531"]
[EventDate "2009.06.29"]

1. d4 Nf6 2. Nc3 c5 3. Nf3 cxd4 4. Nxd4 Nc6 5. e4 d6 6. Bg5 e6 7. Qd2 a6 8.
f4 h6 9. Bxf6 Qxf6 10. Nb3 Qd8 11. g3 Be7 12. O-O-O Qc7 13. Kb1 b5 14. Bg2
b4 15. Ne2 e5 16. Rhf1 a5 17. Nbc1 O-O 18. f5 Bg5 19. Qe1 Ba6 20. Nd3 Rfc8
21. Qf2 a4 22. h4 Bf6 23. Rd2 Rab8 24. Rh1 Na5 25. Nec1 Nc4 26. Re2 Na3+
27. bxa3 bxa3+ 28. Nb3 axb3 29. axb3 Bxd3 30. cxd3 Qc3 31. Rc2 Qxb3+ 0-1